XXIV. International Balkan and Near Eastern Congress Series on Economics, Business and Management-Ohrid / Republic of North Macedonia Proceedings
Saved in:
| Corporate Author: | |
|---|---|
| Format: | Book |
| Language: | English |
| Published: |
Plovdiv
University of Agribusiness and Rural Development
2025
|
| Edition: | 1st Edition |
| Subjects: | |
| Tags: |
No Tags, Be the first to tag this record!
|
MARC
| LEADER | 00000nam a2200000 4500 | ||
|---|---|---|---|
| 001 | 0312991 | ||
| 005 | 20251119091354.7 | ||
| 020 | |a 978-9989-695-80-3 | ||
| 041 | 0 | |a eng | |
| 044 | |a BG | ||
| 245 | 1 | 0 | |a XXIV. International Balkan and Near Eastern Congress Series on Economics, Business and Management-Ohrid / Republic of North Macedonia |b Proceedings |
| 250 | |a 1st Edition | ||
| 264 | 1 | |a Plovdiv |b University of Agribusiness and Rural Development |c 2025 | |
| 300 | |a 602 s. | ||
| 610 | 2 | 0 | |a ekonómia |
| 610 | 2 | 0 | |a podnikanie |
| 610 | 2 | 0 | |a manažment |
| 610 | 2 | 0 | |a Balkán |
| 110 | 2 | |a International Balkan and Near Eastern Congress Series on Economics, Business and Management | |